000
00210 a2200097 4500
001
48025
100
_a
Cragg
245
_a
Event of the Quran
260
_a
London
_b
George Allen unwin
_c
090
_c
31013
_d
31013
942
_a
NUST-CAE
_c
M
_c
23352
999
_c
283098
_d
283098